秋田県の市町村 人口順 - Statistics

General Stats
  • This quiz has been taken 37 times
  • The average score is 17 of 25
Answer Stats
Answer 人口 % Correct
1 秋田市 296,286
100%
2 横手市 78,916
100%
3 大仙市 72,278
96%
4 由利本荘市 70,225
96%
5 大館市 64,331
93%
6 能代市 45,880
89%
7 湯沢市 38,252
89%
13 にかほ市 21,604
89%
11 男鹿市 22,319
85%
12 仙北市 22,166
81%
9 北秋田市 27,151
78%
10 鹿角市 26,370
74%
8 潟上市 30,717
70%
22 大潟村 2,825
67%
25 上小阿仁村 1,767
59%
24 東成瀬村 2,512
56%
18 八峰町 5,805
52%
19 八郎潟町 5,134
52%
16 羽後町 12,521
48%
20 小坂町 4,349
48%
23 藤里町 2,549
48%
15 三種町 13,599
44%
17 五城目町 7,559
41%
21 井川町 4,151
41%
14 美郷町 17,058
37%
No matching quizzes found
Score Distribution
Percent of People with Each Score
Percentile by Number Answered
Your Score History
You have not taken this quiz